| 000 | 01328cam a22001814a 4500 | ||
|---|---|---|---|
| 005 | 20250605164355.0 | ||
| 008 | 250528s ||||||||||||||||||||||||d | ||
| 035 | _a24271 | ||
| 040 |
_aGR-AtMCL _bgre _dGR-AtMCL _eAACR2 |
||
| 245 | 1 | _aΧρήμα / Χρηματιστήριο: Προβλέποντας το 2021 - Η Στάση των Ξένων Οίκων και τα 'Στοιχήματα' | |
| 260 |
_bEthos Media, _c2020 |
||
| 300 | _a80 | ||
| 520 | _aΑφιέρωμα ΕΚΕ-ESG: Νέα Δεδομένα και Στρατηγικές ΕΚΕ & ESG έφερε η Πανδημία, Επαγγελματικά Ταμεία: Ο 2ος Πυλώνας Ασφάλισης στον Κόσμο και την Ελλάδα, Αγιέρωμα Ηλεκτρισμός-ΑΠΕ: Η Ελλάδα στο 'Κατώφλι΄' μιας Νέας Εποχής, Αφιέρωμα Βιομηχανία Τροφίμων και Ποτών: Μπορεί να Αποτελέσει το Σημείο Επανεκκίνησης για την Εγχώρια Μεταποίηση, Εν Αρχή: Πολλαπλά Κερδισμένη η Ελλάδα, Ανάλυση VRS: DIAGEO, Δια Ταύτα: ΣΜΕΧΑ: Μια Σωστή Πρόταση. | ||
| 700 | 1 |
_aΟυζούνη Κωνσταντίνος _99441 |
|
| 942 | _cCR | ||
| 999 |
_c9161 _d9161 |
||